[Event "IECC Swiss-495.3"]
[Site "IECC email"]
[Date "2006.04.11"]
[Round "?"]
[White "Schiller, Wilfried"]
[Black "Stein, Josiah"]
[Result "1-0"]
[WhiteElo "2242"]
[BlackElo "1795"]
[PlyCount "67"]
[EventDate "2006.??.??"]
[EventType "swiss (corr)"]
[EventRounds "1"]
[SourceTitle "Corr 2020"]
[Source "ChessBase"]
[SourceDate "2019.09.30"]
[SourceVersion "1"]
[SourceVersionDate "2019.09.30"]
[SourceQuality "1"]
[WhiteTeam "Germany"]
[BlackTeam "United States"]
[WhiteTeamCountry "GER"]
[BlackTeamCountry "USA"]

1. d4 Nf6 2. c4 g6 3. Nf3 Bg7 4. Nc3 0-0 5. e4 d6 6. h3 e5 7. d5 Na6 8. Bg5 h6 9. Be3 Nc5 10. Nd2 a5 11. Be2 Nh7 12. Nb3 b6 13. g4 f5 14. gxf5 Nxb3 15. Qxb3 gxf5 16. 0-0-0 f4 17. Bd2 Qh4 18. f3 Ng5 19. Be1 Qh5 20. h4 Bd7 21. Rg1 Nh7 22. Nb5 Rac8 23. Nxc7 Rxc7 24. Qxb6 Rcc8 25. Qxd6 Rf7 26. Bc3 Qxh4 27. Bxe5 Ng5 28. Rg2 Bxe5 29. Qxe5 a4 30. Rdg1 Kh7 31. Qc3 Bb5 32. e5 Rfc7 33. b3 axb3 34. Bd3+ 1-0

[Event "IECC M-5439"]
[Site "IECC email"]
[Date "2006.03.07"]
[Round "?"]
[White "Stein, Josiah"]
[Black "Basson, Heinrich"]
[Result "1-0"]
[WhiteElo "1786"]
[BlackElo "1858"]
[PlyCount "59"]
[EventDate "2006.??.??"]
[EventType "tourn (corr)"]
[EventRounds "10"]
[SourceTitle "Corr 2008"]
[Source "ChessBase"]
[SourceDate "2008.06.24"]
[SourceVersion "1"]
[SourceVersionDate "2008.06.24"]
[SourceQuality "1"]

1. e4 e5 2. Nf3 Nf6 3. Bc4 Nxe4 4. Nc3 Nf6 5. Nxe5 d5 6. Bb3 Bd6 7. d4 c6 8. 0-0 0-0 9. Bg5 Nbd7 10. f4 Re8 11. Ne4 Be7 12. Ng3 a5 13. a4 Nb6 14. c3 Nbd7 15. Bc2 h6 16. Bh4 Qb6 17. Qd3 Nf8 18. Kh1 Be6 19. Bxf6 Bxf6 20. Nh5 Qd8 21. Qg3 Bd7 22. Rae1 Rb8 23. Re3 Bc8 24. f5 Bg5 25. h4 f6 26. hxg5 hxg5 27. Ng6 Rxe3 28. Qxe3 Bd7 29. Ne7+ Kf7 30. Re1 1-0